000 00643nam a2200181Ia 4500
008 090123s9999 xx 000 0 und d
082 _b1200
100 _aबेडेकर मालती
245 _aघराला मुकलेल्या स्त्रिया
250 _a1
260 _bदेशमुख रा.ज.
300 _a238
600 _aबेडेकर मालती
630 _aघराला मुकलेल्या स्त्रिया
700 _aबेडेकर मालती
730 _aघराला मुकलेल्या स्त्रिया
942 _cBOOK
999 _c39284
_d39284